| 000 | 00773cam a2200205 4500 | ||
|---|---|---|---|
| 001 | WB3609-32 | ||
| 008 | 000000n2000 000 0 eng u | ||
| 035 | _a(Sirsi) u104499 | ||
| 245 | _aUrban tax plan | ||
| 260 | _c2000 | ||
| 490 |
_aProperty Week _v65(8) 25 February 2000, 1&128(2) |
||
| 520 | _aGovernment is planning to introduce the American concept of Tax Incremental Financing (TIF) to raise local taxes to pay for urban regeneration schemes. Under the system, local authorities raise money via bond issues and invest in the infrastructure of run-down areas. | ||
| 590 | _aWB | ||
| 650 | _aURBAN TASK FORCE | ||
| 650 | _aTAX INCREMENTAL FINANCING | ||
| 650 | _aURBAN REGENERATION | ||
| 650 | _aLOCAL AUTHORITIES | ||
| 690 | _aREGENERATION | ||
| 942 | _n0 | ||
| 999 |
_c62700 _d62700 |
||